Statistiques concernant Liste des stations du métro de Paris

Cliquez ici pour prendre le quiz!

Statistiques générales

  • Ce quiz a été pris 343 fois
    (23 depuis la dernière actualisation)
  • Le résultat moyen est 125 sur 308

Statistiques - réponses

LignesStation% Correct
1, 4, 7, 11, 14Châtelet
71%
4, 5Gare du Nord
71%
4, 5, 7Gare de l'Est
65%
1, 2, 6, 9Nation
65%
3, 5, 8, 9, 11République
65%
3, 12, 13, 14Saint-Lazare
65%
2, 11Belleville
59%
2Colonel Fabien
59%
1La Défense
59%
4Porte de Clignancourt
59%
2, 5, 7Stalingrad
59%
2Anvers
53%
1Argentine
53%
2, 4Barbès - Rochechouart
53%
2Blanche
53%
1Château de Vincennes
53%
1, 14Gare de Lyon
53%
13Guy Môquet
53%
2, 5, 7bisJaurès
53%
2La Chapelle
53%
4Les Halles
53%
9Mairie de Montreuil
53%
4Mairie de Montrouge
53%
13, 14Mairie de Saint-Ouen
53%
4, 6, 12, 13Montparnasse - Bienvenüe
53%
9Porte de Montreuil
53%
13Porte de Saint-Ouen
53%
3bis, 11Porte des Lilas
53%
4Porte d'Orléans
53%
2Rome
53%
12Abbesses
47%
4Alésia
47%
1, 5, 8Bastille
47%
6, 14Bercy
47%
6Bir-Hakeim
47%
5Bobigny - Pablo Picasso
47%
7bisBolivar
47%
1, 2, 6Charles de Gaulle - Étoile
47%
4Château d'Eau
47%
2Couronnes
47%
6, 8Daumesnil
47%
1Esplanade de la Défense
47%
5, 10Gare d'Austerlitz
47%
13Garibaldi
47%
11Goncourt
47%
1, 11Hôtel de Ville
47%
5Jacques Bonsergent
47%
11Jourdain
47%
13La Fourche
47%
1Louvre - Rivoli
47%
8, 12, 14Madeleine
47%
12Mairie d'Aubervilliers
47%
13Mairie de Clichy
47%
11Mairie des Lilas
47%
4, 12Marcadet - Poissonniers
47%
2Ménilmontant
47%
5, 9Oberkampf
47%
3, 7, 8Opéra
47%
1, 7Palais Royal - Musée du Louvre
47%
2, 3Père Lachaise
47%
2, 12Pigalle
47%
2, 13Place de Clichy
47%
5, 6, 7Place d'Italie
47%
2Porte Dauphine
47%
12Porte de la Chapelle
47%
12Porte de Versailles
47%
1Porte de Vincennes
47%
7Porte d'Italie
47%
8Porte Dorée
47%
1Porte Maillot
47%
7bisPré Saint-Gervais
47%
7, 14Pyramides
47%
11Pyrénées
47%
4Saint-Germain-des-Prés
47%
4Saint-Sulpice
47%
6, 9Trocadéro
47%
1Tuileries
47%
3Anatole France
41%
3, 11Arts et Métiers
41%
12Assemblée nationale
41%
1Bérault
41%
14Bibliothèque François Mitterrand
41%
8, 9Bonne Nouvelle
41%
7bisBotzaris
41%
7bisButtes Chaumont
41%
6Cambronne
41%
5Campo-Formio
41%
1, 13Champs-Élysées - Clemenceau
41%
4Château Rouge
41%
13Châtillon - Montrouge
41%
4Cité
41%
1, 8, 12Concorde
41%
7Crimée
41%
4, 6Denfert-Rochereau
41%
6Dugommier
41%
4Étienne Marcel
41%
9Exelmans
41%
8Félix Faure
41%
8Filles du Calvaire
41%
3, 3bisGambetta
41%
1George V
41%
8, 13Invalides
41%
12Jules Joffrin
41%
6, 8, 10La Motte-Picquet - Grenelle
41%
5Laumière
41%
1Les Sablons
41%
13Liège
41%
7, 7bisLouis Blanc
41%
3Louise Michel
41%
10Mabillon
41%
12Mairie d'Issy
41%
7Mairie d'Ivry
41%
3Malesherbes
41%
9, 13Miromesnil
41%
8Montgallet
41%
12Notre-Dame-de-Lorette
41%
12Notre-Dame-des-Champs
41%
4, 10Odéon
41%
14Olympiades
41%
5Ourcq
41%
6Passy
41%
3bisPelleport
41%
6Picpus
41%
7bis, 11Place des Fêtes
41%
7Poissonnière
41%
14Pont Cardinet
41%
3Pont de Levallois - Bécon
41%
1Pont de Neuilly
41%
7Pont Marie
41%
3Porte de Bagnolet
41%
3Porte de Champerret
41%
8Porte de Charenton
41%
7Porte de Choisy
41%
13, 14Porte de Clichy
41%
7Porte de la Villette
41%
5Porte de Pantin
41%
7Porte d'Ivry
41%
3Quatre-Septembre
41%
11Rambuteau
41%
4, 6Raspail
41%
3, 4Réaumur - Sébastopol
41%
1, 8Reuilly - Diderot
41%
9Rue de la Pompe
41%
9Saint-Ambroise
41%
3bisSaint-Fargeau
41%
13Saint-François-Xavier
41%
12Saint-Georges
41%
1Saint-Mandé
41%
4Saint-Michel
41%
14Saint-Ouen
41%
1Saint-Paul
41%
4Saint-Placide
41%
6Sèvres - Lecourbe
41%
4Simplon
41%
11Télégraphe
41%
3Temple
41%
7Tolbiac
41%
4Vavin
41%
7Villejuif - Louis Aragon
41%
12Aimé Césaire
35%
2Alexandre Dumas
35%
9Alma - Marceau
35%
7Aubervilliers - Pantin - Quatre Chemins
35%
10Avenue Émile Zola
35%
2Avron
35%
4Bagneux - Lucie Aubrac
35%
8Balard
35%
4Barbara
35%
13Basilique de Saint-Denis
35%
6Bel-Air
35%
9Billancourt
35%
5Bobigny - Pantin - Raymond Queneau
35%
6Boissière
35%
8Boucicaut
35%
10Boulogne - Jean Jaurès
35%
10Boulogne - Pont de Saint-Cloud
35%
3Bourse
35%
5Bréguet - Sabin
35%
13Brochant
35%
9Buzenval
35%
7Cadet
35%
10Cardinal Lemoine
35%
7Censier - Daubenton
35%
10Chardon-Lagache
35%
8Charenton - Écoles
35%
10Charles Michels
35%
9Charonne
35%
7Château-Landon
35%
7, 9Chaussée d'Antin - La Fayette
35%
8Chemin Vert
35%
6Chevaleret
35%
10Cluny - La Sorbonne
35%
8Commerce
35%
12Convention
35%
7Corentin Cariou
35%
12Corentin Celton
35%
6Corvisart
35%
2Courcelles
35%
14Cour Saint-Émilion
35%
8Créteil - L'Échat
35%
8Créteil - Préfecture
35%
8Créteil - Université
35%
9Croix de Chavaux
35%
7bisDanube
35%
6Dupleix
35%
10, 13Duroc
35%
8École Militaire
35%
8École Vétérinaire de Maisons-Alfort
35%
6Edgar Quinet
35%
10Église d'Auteuil
35%
5Église de Pantin
35%
3Europe
35%
8Faidherbe - Chaligny
35%
12Falguière
35%
7Fort d'Aubervilliers
35%
1, 9Franklin D. Roosevelt
35%
12Front Populaire
35%
13Gabriel Péri
35%
13Gaîté
35%
3Gallieni
35%
6Glacière
35%
8, 9Grands Boulevards
35%
3, 9Havre - Caumartin
35%
5Hoche
35%
9Iéna
35%
9Jasmin
35%
10Javel - André Citroën
35%
7, 10Jussieu
35%
6Kléber
35%
7La Courneuve - 8 mai 1945
35%
12Lamarck - Caulaincourt
35%
8Ledru-Rollin
35%
7Le Kremlin-Bicêtre
35%
7Le Peletier
35%
13Les Agnettes
35%
13Les Courtilles
35%
7Les Gobelins
35%
8Liberté
35%
8Lourmel
35%
7Maison Blanche
35%
8Maisons-Alfort - Les Juilliottes
35%
8Maisons-Alfort - Stade
35%
13Malakoff - Plateau de Vanves
35%
13Malakoff - Rue Étienne Dolet
35%
9Maraîchers
35%
9Marcel Sembat
35%
12Marx Dormoy
35%
10Maubert - Mutualité
35%
9, 10Michel-Ange - Auteuil
35%
9, 10Michel-Ange - Molitor
35%
8Michel Bizot
35%
10Mirabeau
35%
2Monceau
35%
6Nationale
35%
3Parmentier
35%
6, 12Pasteur
35%
3Pereire
35%
13Pernety
35%
2Philippe Auguste
35%
7Pierre et Marie Curie
35%
7Place Monge
35%
13Plaisance
35%
8Pointe du Lac
35%
9Pont de Sèvres
35%
7Pont Neuf
35%
10Porte d'Auteuil
35%
9Porte de Saint-Cloud
35%
13Porte de Vanves
35%
6Quai de la Gare
35%
5Quai de la Râpée
35%
9Ranelagh
35%
12Rennes
35%
5Richard-Lenoir
35%
8, 9Richelieu - Drouot
35%
7Riquet
35%
9Robespierre
35%
9Rue des Boulets
35%
12Rue du Bac
35%
3Rue Saint-Maur
35%
9Saint-Augustin
35%
13Saint-Denis - Porte de Paris
35%
13Saint-Denis - Université
35%
6Saint-Jacques
35%
5Saint-Marcel
35%
9Saint-Philippe-du-Roule
35%
8Saint-Sébastien - Froissart
35%
10Ségur
35%
3Sentier
35%
10, 12Sèvres - Babylone
35%
12Solférino
35%
4, 8, 9Strasbourg - Saint-Denis
35%
7Sully - Morland
35%
2Ternes
35%
10Vaneau
35%
13Varenne
35%
12Vaugirard
35%
2Victor Hugo
35%
7Villejuif - Léo Lagrange
35%
7Villejuif - Paul Vaillant-Couturier
35%
2, 3Villiers
35%
12Volontaires
35%
9Voltaire
35%
3Wagram
35%
13Carrefour Pleyel
29%
9La Muette
29%
8La Tour-Maubourg
29%
4Mouton-Duvernet
29%
12Trinité - d'Estienne d'Orves
24%

Distribution des résultats

Percentile par nombre de réponses

% des personnes avec chaque résultat

Votre développement - résultats

Vous n’avez pas pris ce quiz depuis la dernière actualisation